Study guide for use with fundamentals of financial accounting / (Record no. 15358)
[ view plain ]
| 000 -LEADER | |
|---|---|
| fixed length control field | 00965cam a2200313 i 4500 |
| 001 - CONTROL NUMBER | |
| control field | 2234608 |
| 003 - CONTROL NUMBER IDENTIFIER | |
| control field | OSt |
| 005 - DATE AND TIME OF LATEST TRANSACTION | |
| control field | 20140310182722.0 |
| 008 - FIXED-LENGTH DATA ELEMENTS--GENERAL INFORMATION | |
| fixed length control field | 770603s1977 ilu 001 0 eng |
| 010 ## - LIBRARY OF CONGRESS CONTROL NUMBER | |
| LC control number | 76028891 |
| 020 ## - INTERNATIONAL STANDARD BOOK NUMBER | |
| International Standard Book Number | 0256019576 |
| 040 ## - CATALOGING SOURCE | |
| Original cataloging agency | DLC |
| Transcribing agency | DLC |
| Modifying agency | DLC |
| 050 00 - LIBRARY OF CONGRESS CALL NUMBER | |
| Classification number | HF 5635 |
| Item number | .W458 1977 |
| 082 00 - DEWEY DECIMAL CLASSIFICATION NUMBER | |
| Classification number | M 657 |
| -- | W46 1977 |
| 100 1# - MAIN ENTRY--PERSONAL NAME | |
| Personal name | Welsch, Glenn A. |
| 245 10 - TITLE STATEMENT | |
| Title | Study guide for use with fundamentals of financial accounting / |
| Statement of responsibility, etc | Welsch, Glenn; Anthony, Robert N. |
| 260 ## - PUBLICATION, DISTRIBUTION, ETC. (IMPRINT) | |
| Place of publication, distribution, etc | Homewood, Illinois : |
| Name of publisher, distributor, etc | Richard D. Irwin, Inc., |
| Date of publication, distribution, etc | c1977. |
| 300 ## - PHYSICAL DESCRIPTION | |
| Extent | 177 p. |
| Dimensions | 28 cm. |
| 490 0# - SERIES STATEMENT | |
| Series statement | The Willard J. Graham series in accounting |
| 500 ## - GENERAL NOTE | |
| General note | Includes index. |
| 521 ## - TARGET AUDIENCE NOTE | |
| Target audience note | |
| 526 ## - STUDY PROGRAM INFORMATION NOTE | |
| Reading level | 1210L-1700L |
| 541 ## - IMMEDIATE SOURCE OF ACQUISITION NOTE | |
| -- | 1 |
| 562 ## - COPY AND VERSION IDENTIFICATION NOTE | |
| Number of copies | 1 |
| 650 #0 - SUBJECT ADDED ENTRY--TOPICAL TERM | |
| Topical term or geographic name as entry element | Accounting. |
| 700 1# - ADDED ENTRY--PERSONAL NAME | |
| Personal name | Anthony, Robert N. |
| Fuller form of name | (Robert Newton), |
| Dates associated with a name | 1916-2006, |
| Relator term | joint author. |
| 906 ## - LOCAL DATA ELEMENT F, LDF (RLIN) | |
| a | 7 |
| b | cbc |
| c | orignew |
| d | 2 |
| e | ocip |
| f | 19 |
| g | y-gencatlg |
| 942 ## - ADDED ENTRY ELEMENTS (KOHA) | |
| Source of classification or shelving scheme | Library of Congress Classification |
| Koha item type | Books |
| Call number prefix | |
| Withdrawn status | Lost status | Source of classification or shelving scheme | Damaged status | Home library | Current library | Shelving location | Date acquired | Source of acquisition | Total Checkouts | Full call number | Barcode | Date last seen | Copy number | Price effective from | Koha item type |
|---|---|---|---|---|---|---|---|---|---|---|---|---|---|---|---|
| Library of Congress Classification | Archives | Archives | 06/07/2013 | Donation | HF 5635 .W458 1977 | C0891 | 05/15/2018 | 1 | 11/14/2013 | Books |